banner koha

Manual de olericultura orgânica (Registro n. 297687)

MARC details
000 -LÍDER
campo de controle de tamanho fixo 01033nac a22003137a 4500
001 - NÚMERO DE CONTROLE
campo de controle BR2012005301
003 - IDENTIFICADOR DO NÚMERO DE CONTROLE
campo de controle BR-BrBNA
005 - DATA E HORÁRIO DA ÚLTIMA TRANSAÇÃO
campo de controle 20240105123940.0
008 - CAMPO DE DADOS FIXOS--INFORMAÇÃO GERAL
campo de controle de tamanho fixo 230509b bl.|||m| |||| 00| 0 por d
040 ## - FONTE DA CATALOGAÇÃO
Instituição da catalogação original BR-BrBNA
Idioma da catalogação por
Instituição que transcreveu o registro Biblioteca Nacional de Agricultura
072 ## - CÓDIGO DE CATEGORIA DE ASSUNTO
Código de Categoria de Assunto F08; F40; F01
090 ## - NÚMERO DE CHAMADA LOCAL
Número de chamada 8956 BR2012005301
100 1# - ENTRADA PRINCIPAL--NOME PESSOAL
Nome pessoal Hamerschmidt, I.
100 1# - ENTRADA PRINCIPAL--NOME PESSOAL
Nome pessoal Toledo, M.V.
100 1# - ENTRADA PRINCIPAL--NOME PESSOAL
Nome pessoal Popia, A.F.
100 1# - ENTRADA PRINCIPAL--NOME PESSOAL
Nome pessoal Assis, O.
110 1# - ENTRADA PRINCIPAL--NOME CORPORATIVO
Nome corporativo ou nome da jurisdição Instituto Paranaense de Assistência Técnica e Extensão Rural, Curitiba, PR (Brasil)
9 (RLIN) 6553
245 1# - TÍTULO
Título Manual de olericultura orgânica
260 3# - PUBLICAÇÃO, DISTRIBUIÇÃO, ETC.
Local de publicação, distribuição, etc. Curititba, PR (Brasil):
Data da publicação, distribuição, etc. 2012.
300 ## - DESCRIÇÃO FÍSICA
Extensão 130 p.
490 ## - TÍTULO DA SÉRIE
Título da série Informação Técnica - Instituto Paranaense de Assistência Técnica e Extensão (Brazil)
Número do volume ou designação sequencial da série no. 109
ISSN - International Standard Serial Number
500 ## - NOTA GERAL
Nota geral 95 illus.; 12 tables; 20 ref.
650 ## - ASSUNTO--TERMO TÓPICO
Cabeçalho tópico ou nome geográfico OLERICULTURA
650 ## - ASSUNTO--TERMO TÓPICO
Cabeçalho tópico ou nome geográfico AGRICULTURA ORGÂNICA
650 ## - ASSUNTO--TERMO TÓPICO
Cabeçalho tópico ou nome geográfico ECOLOGIA VEGETAL
650 ## - ASSUNTO--TERMO TÓPICO
Cabeçalho tópico ou nome geográfico HORTICULTURA
909 ## -
-- 202312
-- Lúcia Elande
-- 55
-- Lúcia Elande
942 ## - ELEMENTOS DE ENTRADA ADICIONADOS (KOHA)
Fonte da classificação ou esquema de arquivamento na estante Classificação AGRIS
Ocultar no OPAC Não
Tipo de material Koha Monografia Seriada
Exemplares
Situação do descarte Fonte da classificação ou esquema de arquivamento na estante Situação física Não pode ser emprestado Coleção Biblioteca de origem Biblioteca atual Localização na estante Total de empréstimos Número de telefone completo Código de barras Data de último acesso Tipo de material Koha Fonte de aquisição
  Classificação AGRIS       Biblioteca Nacional de Agricultura - Binagri Biblioteca Nacional de Agricultura - Binagri Agrobase - Acervo Geral   8956 BR2012005301 8956 BR2012005301 18/12/2023 Monografia Seriada Portaria Interministerial nº 164/94

BINAGRI

Telefone: (61)3218-2567/2388/3357/2097 - binagri@agro.gov.br

Ministério da Agricultura e Pecuária , Esplanada dos Ministérios, Bloco D, Anexo B, Brasília/DF, CEP: 70.043-900